000
00515nam a2200169Ia 4500
008
090711s9999 xx 000 0 und d
082
_b
30549
100
_a
बनहट्टी राजेंद्र
245
_a
समानधर्मी
260
_c
1971
300
_a
134
600
_a
बनहट्टी राजेंद्र
630
_a
समानधर्मी
700
_a
बनहट्टी राजेंद्र
730
_a
समानधर्मी
942
_c
BOOK
999
_c
308959
_d
308959